|
|
|
|
| LEADER |
00994nam a2200265 a 4500 |
| 001 |
000576318 |
| 003 |
CZ BrMZK |
| 005 |
20200622081759.0 |
| 008 |
010825s1911 xr f cze d |
| 015 |
|
|
|a cnb000592794
|
| 035 |
|
|
|a (OCoLC)85477211
|
| 040 |
|
|
|a ABA001
|b cze
|c KLG001
|d ABA001
|d BOA001
|
| 041 |
1 |
|
|a cze
|h ger
|
| 100 |
1 |
|
|a Gumplowicz, Ludwig,
|d 1838-1909
|7 jn20031015010
|4 aut
|
| 245 |
1 |
0 |
|a Dějiny theorií o státu.
|n I,
|p Doby starší /
|c Ludwig Gumplowicz ; z němčiny přel. Ad. Gottwald
|
| 246 |
3 |
0 |
|a Doby starší
|
| 260 |
|
|
|a V Praze :
|b Stan. Sokol,
|c 1911
|
| 300 |
|
|
|a 336 s. ;
|c 8°
|
| 490 |
1 |
|
|a Levná osvětová knihovna ;
|v sv. 38
|
| 830 |
|
0 |
|a Levná osvětová knihovna
|0 s
|
| 910 |
|
|
|a BOA001
|b PK-I-0011.508
|b OB1-0113.501,38
|
| 990 |
|
|
|a BK
|
| 993 |
|
|
|a Y
|
| 996 |
6 |
|
|b 2618981140
|c OB1-0113.501,38
|l MZK
|r Sklad / do 24 hodin
|n 0
|w 000576318
|u 000020
|a 1
|e BOA001
|j MZK50
|s P
|
| 996 |
6 |
|
|b 3119686969
|c PK-I-0011.508
|l MZK
|r Sklad / do 1 hodiny
|n 2
|w 000576318
|u 000010
|a 1
|e BOA001
|j MZK50
|s P
|